[Event "English (Women) op"]
[Site "Kenilworth"]
[Date "2025.07.20"]
[Round "6"]
[White "Saharkar, Sharvari"]
[Black "Maton, Emily"]
[Result "0-1"]
[WhiteElo "1631"]
[BlackElo "1980"]
[PlyCount "100"]
[EventDate "2025.07.18"]
[EventType "swiss"]
[EventRounds "7"]
[EventCountry "ENG"]
[SourceTitle "CB30_2025"]
[SourceDate "2025.07.23"]
[SourceVersion "1"]
[SourceVersionDate "2025.07.23"]
[SourceQuality "1"]

1. e4 c5 2. Nf3 e6 3. d4 cxd4 4. Nxd4 Nf6 5. Nc3 Nc6 6. Be3 Bb4 7. f3 d5 8. Nxc6 bxc6 9. Bd2 e5 10. Bd3 Rb8 11. exd5 cxd5 12. Qe2 0-0 13. Qf2 e4 14. fxe4 dxe4 15. Be2 Qc7 16. Rb1 Bxc3 17. Bxc3 Qxc3+ 18. bxc3 Rxb1+ 19. Bd1 Bg4 20. Kd2 Rd8+ 21. Ke3 Bxd1 22. Kf4 e3 23. Qh4 Rb5 24. Re1 g5+ 25. Qxg5+ Rxg5 26. Kxg5 Ne4+ 27. Kf4 Nxc3 28. Kxe3 Bxc2 29. Rc1 Nd5+ 30. Kf2 Nb4 31. a3 Nd3+ 32. Ke2 Nxc1+ 33. Ke1 Rd1+ 34. Kf2 Nd3+ 35. Ke2 Nf4+ 36. Kf2 Rd2+ 37. Ke3 Rxg2 38. Kxf4 Rxh2 39. a4 Bxa4 40. Kg5 Rf2 41. Kg4 Bc6 42. Kg3 Rf3+ 43. Kh4 a5 44. Kh5 a4 45. Kh6 a3 46. Kh5 a2 47. Kh6 a1Q 48. Kh5 Qh1+ 49. Kg4 Qg2+ 50. Kh4 Rh3# 0-1

[Event "English (Women) op"]
[Site "Kenilworth"]
[Date "2025.07.19"]
[Round "3"]
[White "Maton, Emily"]
[Black "Longson, Sarah N"]
[Result "1-0"]
[WhiteElo "1980"]
[BlackElo "1932"]
[PlyCount "65"]
[EventDate "2025.07.18"]
[EventType "swiss"]
[EventRounds "7"]
[EventCountry "ENG"]
[SourceTitle "CB30_2025"]
[SourceDate "2025.07.23"]
[SourceVersion "1"]
[SourceVersionDate "2025.07.23"]
[SourceQuality "1"]

1. d4 d5 2. c4 c6 3. cxd5 cxd5 4. Bf4 Nc6 5. Nc3 Nf6 6. e3 a6 7. Bd3 Bg4 8. Nge2 e6 9. a3 Be7 10. 0-0 0-0 11. f3 Bh5 12. Kh1 b5 13. b4 Qb6 14. Bg5 Bg6 15. Nf4 Bxd3 16. Nxd3 h6 17. Bh4 a5 18. Ne5 g5 19. bxa5 Rxa5 20. Be1 Rfa8 21. f4 b4 22. fxg5 hxg5 23. Nb1 Kg7 24. Qf3 Nxd4 25. exd4 Qxd4 26. Bxb4 Bd8 27. Bc3 Qh4 28. Ng4 d4 29. Bxa5 Rxa5 30. Nxf6 Rf5 31. Qd3 Bxf6 32. Rxf5 exf5 33. Nd2 1-0

[Event "English (Women) op"]
[Site "Kenilworth"]
[Date "2025.07.18"]
[Round "2"]
[White "Dicen, Elis Denele"]
[Black "Maton, Emily"]
[Result "1/2-1/2"]
[WhiteElo "2136"]
[BlackElo "1980"]
[PlyCount "48"]
[EventDate "2025.07.18"]
[EventType "swiss"]
[EventRounds "7"]
[EventCountry "ENG"]
[SourceTitle "CB30_2025"]
[SourceDate "2025.07.23"]
[SourceVersion "1"]
[SourceVersionDate "2025.07.23"]
[SourceQuality "1"]

1. d4 d5 2. c4 c6 3. Nf3 Nf6 4. g3 e6 5. Bg2 Nbd7 6. Nc3 dxc4 7. a4 Bb4 8. 0-0 0-0 9. Qc2 Qe7 10. Na2 Bd6 11. Qxc4 e5 12. dxe5 Nxe5 13. Qc2 Nxf3+ 14. Bxf3 Bh3 15. Rd1 Rfd8 16. Bg5 h6 17. Bxf6 Qxf6 18. Nc3 Be5 19. Qb3 Bxc3 20. bxc3 Rxd1+ 21. Rxd1 Rd8 22. Rxd8+ Qxd8 23. Bg2 Bxg2 24. Kxg2 Qd7 1/2-1/2

[Event "WchT Blitz Pool D"]
[Site "London"]
[Date "2025.06.14"]
[Round "13.6"]
[White "Marton John, Almos Kiran"]
[Black "Maton, Emily"]
[Result "0-1"]
[WhiteElo "1987"]
[BlackElo "1980"]
[PlyCount "76"]
[EventDate "2025.06.14"]
[EventType "team-tourn"]
[EventRounds "13"]
[EventCountry "ENG"]
[SourceTitle "CB25_2025"]
[SourceDate "2025.06.18"]
[SourceVersion "1"]
[SourceVersionDate "2025.06.18"]
[SourceQuality "1"]
[WhiteTeam "Team Hungary"]
[BlackTeam "The London Legends"]
[WhiteTeamCountry "HUN"]
[BlackTeamCountry "ENG"]

1. e4 c5 2. Nf3 e6 3. d4 cxd4 4. Nxd4 Nf6 5. Nc3 Nc6 6. Ndb5 Bc5 7. Bf4 e5 8. Bg5 d6 9. Nd5 Bxf2+ 10. Kxf2 Nxe4+ 11. Ke1 Qxg5 12. Ndc7+ Kf8 13. Nxa8 Qh4+ 14. g3 Nxg3 15. hxg3 Qxg3+ 16. Ke2 Bg4+ 17. Kd2 Bxd1 18. Rxd1 Qf2+ 19. Kc1 Nd4 20. Nxd4 exd4 21. Nc7 g6 22. Nb5 Kg7 23. Nxd4 Qf4+ 24. Kb1 Re8 25. Bc4 Re4 26. c3 Qe5 27. Rhf1 f5 28. Kc2 Re3 29. Bd3 Rg3 30. Rde1 Rg2+ 31. Kb1 Qf6 32. Re6 Qf7 33. Rfe1 Kh6 34. Re7 Qf6 35. Rh1+ Kg5 36. Rexh7 Qe5 37. Rf7 Qe3 38. Bc2 Rg1+ 0-1

[Event "WchT Blitz Pool D"]
[Site "London"]
[Date "2025.06.14"]
[Round "9.6"]
[White "Maton, Emily"]
[Black "Nurakyn, Suleiman"]
[Result "1-0"]
[WhiteElo "1980"]
[BlackElo "1773"]
[PlyCount "157"]
[EventDate "2025.06.14"]
[EventType "team-tourn"]
[EventRounds "13"]
[EventCountry "ENG"]
[SourceTitle "CB25_2025"]
[SourceDate "2025.06.18"]
[SourceVersion "1"]
[SourceVersionDate "2025.06.18"]
[SourceQuality "1"]
[WhiteTeam "The London Legends"]
[BlackTeam "Barys.kz"]
[WhiteTeamCountry "ENG"]
[BlackTeamCountry "KAZ"]

1. d4 Nf6 2. Nf3 g6 3. Bf4 Bg7 4. Nc3 d5 5. e3 0-0 6. Bd3 c5 7. Qd2 Nc6 8. 0-0 cxd4 9. exd4 Bg4 10. Be2 Ne4 11. Nxe4 dxe4 12. Ng5 Bxe2 13. Qxe2 Qxd4 14. c3 Qd3 15. Qxe4 Qb5 16. Qc2 Rac8 17. Qb3 Qf5 18. Be3 b6 19. Nf3 Rfd8 20. Rfd1 e6 21. Rxd8+ Rxd8 22. Rd1 Re8 23. Nd4 Nxd4 24. Bxd4 e5 25. Be3 Qe4 26. Qb5 Rc8 27. Qd7 Qa8 28. Qd5 Qb8 29. g3 h5 30. Qd6 Qb7 31. Qd5 Qa6 32. a3 h4 33. Qd3 Qa4 34. Qd7 Qc4 35. Qd5 Qg4 36. Qd7 Qc4 37. Qd5 Qe2 38. Qd3 Qf3 39. Re1 h3 40. Qf1 Qf5 41. Qe2 Rd8 42. Rd1 Re8 43. Qd3 e4 44. Qf1 Qf3 45. Re1 Rd8 46. Bf4 b5 47. Re3 Qd1 48. Re1 Qd5 49. Qxh3 a5 50. Qg2 Re8 51. Qf1 b4 52. axb4 axb4 53. Qe2 bxc3 54. bxc3 Bxc3 55. Rd1 Qf5 56. Qc2 Bf6 57. Re1 Qe6 58. Be3 Kg7 59. Qd2 Qc6 60. Bh6+ Kh7 61. Bg5 Bc3 62. Qc2 Qc4 63. Rc1 Rc8 64. Bd2 Bxd2 65. Qxc4 Rxc4 66. Rxc4 f5 67. Kg2 Kg7 68. Rc7+ Kf6 69. h4 e3 70. fxe3 Bxe3 71. Kf3 Bd4 72. Rc6+ Kf7 73. Kf4 Bf6 74. Kf3 Be5 75. g4 f4 76. Ke4 Bb8 77. Rc8 Bd6 78. Rc6 Bb8 79. Rb6 1-0

[Event "Reykjavik op"]
[Site "Reykjavik"]
[Date "2025.04.13"]
[Round "6"]
[White "Maton, Emily"]
[Black "Jonsson, Gauti Pall"]
[Result "0-1"]
[WhiteElo "1912"]
[BlackElo "2122"]
[PlyCount "102"]
[EventDate "2025.04.09"]
[EventType "swiss"]
[EventRounds "9"]
[EventCountry "ISL"]
[SourceTitle "CB17_2025"]
[SourceDate "2025.04.23"]
[SourceVersion "1"]
[SourceVersionDate "2025.04.23"]
[SourceQuality "1"]

1. d4 Nf6 2. Nf3 e6 3. Bf4 c5 4. e3 cxd4 5. exd4 b6 6. c3 Be7 7. Bd3 Ba6 8. Bxb8 Bxd3 9. Qxd3 Rxb8 10. Nbd2 b5 11. 0-0 0-0 12. Ne5 Qc7 13. Ne4 Nd5 14. Qg3 d6 15. Nd3 b4 16. Nf4 Nxf4 17. Qxf4 Rfc8 18. Rac1 d5 19. Qxc7 Rxc7 20. Ng3 bxc3 21. Rxc3 Rxc3 22. bxc3 Rb2 23. Ra1 Rc2 24. Kf1 Rxc3 25. Rb1 Bd6 26. Ne2 Rc2 27. a4 Rc4 28. Ra1 a5 29. Ke1 Kf8 30. Kd2 f6 31. f4 Ke7 32. Kd3 e5 33. fxe5 fxe5 34. dxe5 Bxe5 35. Ra2 Kd6 36. h3 Kc5 37. Rc2 Rxc2 38. Kxc2 Kb4 39. Nc1 Kxa4 40. Nd3 Bd6 41. Nb2+ Kb5 42. Nd1 Bc5 43. Nc3+ Kc4 44. Ne2 d4 45. Nf4 a4 46. Nd3 a3 47. Ne5+ Kd5 48. Nd3 Bd6 49. Kb3 Ke4 50. Nf2+ Ke3 51. Ng4+ Ke2 0-1

[Event "Reykjavik op"]
[Site "Reykjavik"]
[Date "2025.04.11"]
[Round "4"]
[White "Maton, Emily"]
[Black "Priansh, Das"]
[Result "0-1"]
[WhiteElo "1912"]
[BlackElo "2262"]
[PlyCount "100"]
[EventDate "2025.04.09"]
[EventType "swiss"]
[EventRounds "9"]
[EventCountry "ISL"]
[SourceTitle "CB17_2025"]
[SourceDate "2025.04.23"]
[SourceVersion "1"]
[SourceVersionDate "2025.04.23"]
[SourceQuality "1"]

1. d4 Nf6 2. Bf4 g6 3. Nc3 Bg7 4. e4 d6 5. Qd2 0-0 6. 0-0-0 a6 7. f3 b5 8. Bh6 Nc6 9. h4 e5 10. d5 Nd4 11. Nce2 Nxe2+ 12. Nxe2 Bxh6 13. Qxh6 Kh8 14. h5 Ng8 15. Qe3 g5 16. g3 Nh6 17. f4 f6 18. Bg2 Qe7 19. Ng1 Rg8 20. Bh3 Bd7 21. fxe5 fxe5 22. Bxd7 Qxd7 23. Nh3 Raf8 24. Nf2 Rg7 25. Nd3 Qg4 26. Rdf1 Rgf7 27. Rxf7 Rxf7 28. Nf2 Qf3 29. Qxf3 Rxf3 30. Nd3 a5 31. Rg1 Ng4 32. Kd2 Kg7 33. Rg2 Ne3 34. Rg1 Rxg3 35. Rxg3 Nf1+ 36. Ke2 Nxg3+ 37. Kf3 Nxh5 38. b3 Nf6 39. a4 bxa4 40. bxa4 h5 41. c4 g4+ 42. Ke3 h4 43. c5 h3 44. cxd6 cxd6 45. Nf2 Kg6 46. Nh1 Nh5 47. Kf2 Kg5 48. Ke3 Kh4 49. Kf2 g3+ 50. Kg1 Nf4 0-1

[Event "Isle of Wight op"]
[Site "Ryde"]
[Date "2025.02.23"]
[Round "9"]
[White "Prado, Alexandra"]
[Black "Maton, Emily"]
[Result "1/2-1/2"]
[WhiteElo "1938"]
[BlackElo "1886"]
[PlyCount "200"]
[EventDate "2025.02.18"]
[EventType "swiss"]
[EventRounds "9"]
[EventCountry "ENG"]
[SourceTitle "CB09_2025"]
[SourceDate "2025.02.27"]
[SourceVersion "1"]
[SourceVersionDate "2025.02.27"]
[SourceQuality "1"]

1. e4 c5 2. Nc3 e6 3. g3 Nc6 4. Bg2 Nf6 5. f4 d5 6. e5 Ng8 7. d3 h5 8. Nf3 Nh6 9. b3 b5 10. Bd2 a6 11. Qe2 Nf5 12. Qf2 h4 13. Rc1 Ncd4 14. Ne2 Nxe2 15. Kxe2 h3 16. Bf1 Be7 17. g4 Nd4+ 18. Nxd4 cxd4 19. Qxd4 Ba3 20. Rd1 Rh4 21. Rg1 Qc7 22. Qf2 Rh8 23. c3 b4 24. c4 dxc4 25. dxc4 Bb7 26. Rg3 0-0-0 27. Bxh3 Be4 28. Qe3 Bc2 29. Re1 Bd3+ 30. Kf2 Bc2 31. Kg1 Bb2 32. Qf2 Bd3 33. Bg2 Bg6 34. Be4 Bxe4 35. Rxe4 Qc6 36. Re1 Bd4 37. Be3 Bc3 38. Rc1 Rd3 39. Qg2 Qxg2+ 40. Kxg2 Bd2 41. Rd1 Rhd8 42. Bb6 Rxg3+ 43. hxg3 Rd7 44. Bc5 Bc3 45. Rxd7 Kxd7 46. Bf8 g6 47. Kf3 Be1 48. Bc5 Kc6 49. Bf2 Bc3 50. Ke4 Kd7 51. f5 Bd2 52. fxg6 fxg6 53. Be3 Be1 54. Kf3 Bc3 55. Bf4 Ke7 56. Ke4 Kd7 57. Be3 Be1 58. Bf4 Bc3 59. Kd3 Be1 60. Kc2 Kc6 61. Kd1 Bc3 62. Ke2 Kd7 63. Kf2 Ke8 64. Kf3 Kd7 65. Ke4 Be1 66. Kd4 Kc6 67. Bg5 Bxg3 68. Bd2 a5 69. Bg5 Bf2+ 70. Ke4 Bb6 71. Be7 Kd7 72. Bd6 Bd8 73. Kd4 Kc6 74. Bf8 Bb6+ 75. Ke4 Bd8 76. Kf4 Bh4 77. Bg7 g5+ 78. Ke4 Kd7 79. Bf6 Kc7 80. Be7 Kd7 81. Bc5 Kc6 82. Be3 Kc7 83. Bd2 Kc6 84. Kf3 Kc7 85. Be3 Kb7 86. Bf2 Bxf2 87. Kxf2 Kc6 88. Ke3 Kc5 89. Kd3 Kc6 90. Kd4 Kb6 91. c5+ Kb5 92. c6 Kxc6 93. Kc4 Kb6 94. Kd3 Kc5 95. Ke4 Kc6 96. Kd4 Kb5 97. Kd3 Kc5 98. Ke4 Kc6 99. Kd4 Kb5 100. Kd3 Kc5 1/2-1/2

[Event "Isle of Wight op"]
[Site "Ryde"]
[Date "2025.02.20"]
[Round "5"]
[White "Collyer, David"]
[Black "Maton, Emily"]
[Result "1/2-1/2"]
[WhiteElo "1929"]
[BlackElo "1886"]
[PlyCount "130"]
[EventDate "2025.02.18"]
[EventType "swiss"]
[EventRounds "9"]
[EventCountry "ENG"]
[SourceTitle "CB09_2025"]
[SourceDate "2025.02.27"]
[SourceVersion "1"]
[SourceVersionDate "2025.02.27"]
[SourceQuality "1"]

1. e4 c5 2. Nf3 e6 3. d4 cxd4 4. Nxd4 Nf6 5. Nc3 Nc6 6. Nxc6 bxc6 7. e5 Nd5 8. Ne4 Qc7 9. f4 Qb6 10. Ke2 f5 11. exf6 Nxf6 12. Nxf6+ gxf6 13. Be3 Bc5 14. Bxc5 Qxc5 15. Kf3 Bb7 16. Bd3 Qb4 17. Ke3 Qb6+ 18. Ke2 c5 19. Rg1 d5 20. b3 0-0-0 21. Qe1 Qd6 22. Qa5 Kb8 23. Rae1 e5 24. fxe5 fxe5 25. Kd1 e4 26. Be2 d4 27. Kc1 d3 28. Rd1 Qd4 29. Kb1 Qe3 30. Bg4 h5 31. Bh3 d2 32. Rgf1 Qd4 33. Rf7 Qb4 34. Qc7+ Ka8 35. a3 Qb5 36. Re7 Qb6 37. Qxb6 axb6 38. Bf5 Rhe8 39. Rxe8 Rxe8 40. Rxd2 e3 41. Re2 Bxg2 42. Bg6 Re5 43. Bxh5 Rxh5 44. Rxg2 Rf5 45. Re2 Rf2 46. Rxe3 Rxh2 47. Re7 Kb8 48. a4 Rg2 49. Kb2 Rh2 50. a5 bxa5 51. Re5 Kb7 52. Rxc5 Kb6 53. Rc8 Kb7 54. Rc4 Kb6 55. Ka3 Rh1 56. Rg4 Ra1+ 57. Kb2 Rh1 58. c4 Rf1 59. Rg6+ Kb7 60. Rg5 Kb6 61. Rb5+ Ka6 62. Kc3 Rf3+ 63. Kd4 Rf4+ 64. Ke5 Rh4 65. Kf6 a4 1/2-1/2

[Event "Isle of Wight op"]
[Site "Ryde"]
[Date "2025.02.20"]
[Round "4"]
[White "Maton, Emily"]
[Black "Patel, Keatan"]
[Result "1/2-1/2"]
[WhiteElo "1886"]
[BlackElo "1957"]
[PlyCount "49"]
[EventDate "2025.02.18"]
[EventType "swiss"]
[EventRounds "9"]
[EventCountry "ENG"]
[SourceTitle "CB09_2025"]
[SourceDate "2025.02.27"]
[SourceVersion "1"]
[SourceVersionDate "2025.02.27"]
[SourceQuality "1"]

1. d4 d5 2. Nf3 Nf6 3. Bf4 e6 4. e3 Bd6 5. Ne5 0-0 6. Nd2 c5 7. c3 Qc7 8. Bd3 Nc6 9. Ndf3 b6 10. Nxc6 Qxc6 11. Bxd6 Qxd6 12. Ne5 h6 13. g4 cxd4 14. exd4 Nd7 15. Qe2 f6 16. Nxd7 Bxd7 17. h4 e5 18. dxe5 Qxe5 19. Qxe5 fxe5 20. Be2 Rf4 21. g5 Bg4 22. Bxg4 Rxg4 23. gxh6 gxh6 24. 0-0-0 Rd8 25. Rde1 1/2-1/2

[Event "Isle of Wight op"]
[Site "Ryde"]
[Date "2025.02.19"]
[Round "3"]
[White "Freeland, Alex"]
[Black "Maton, Emily"]
[Result "1-0"]
[WhiteElo "2025"]
[BlackElo "1886"]
[PlyCount "77"]
[EventDate "2025.02.18"]
[EventType "swiss"]
[EventRounds "9"]
[EventCountry "ENG"]
[SourceTitle "CB09_2025"]
[SourceDate "2025.02.27"]
[SourceVersion "1"]
[SourceVersionDate "2025.02.27"]
[SourceQuality "1"]

1. d4 d5 2. c4 dxc4 3. e3 Nf6 4. Nf3 e6 5. Bxc4 c5 6. 0-0 cxd4 7. Nxd4 a6 8. Nc3 Bd6 9. e4 Qc7 10. Bb3 Bxh2+ 11. Kh1 Be5 12. f4 Bxd4 13. Qxd4 Nc6 14. Qf2 Ng4 15. Qh4 h5 16. Bd1 Qe7 17. Qh3 Nf6 18. e5 Nd5 19. Ne4 Kf8 20. Bd2 Nd4 21. Nd6 Nb5 22. Nxb5 axb5 23. Bb3 Kg8 24. f5 Qc5 25. Qh4 Ne3 26. Qf2 Qxe5 27. Bxe3 h4 28. Bf4 Qxf5 29. Rad1 Qf6 30. Be5 Qxf2 31. Rxf2 Kh7 32. Rxf7 Rg8 33. Rd4 Kg6 34. Rdf4 b4 35. Bc2+ Kg5 36. Bh7 Rh8 37. Rxg7+ Kh5 38. Bg6+ Kg5 39. Be8+ 1-0

[Event "Isle of Wight op"]
[Site "Ryde"]
[Date "2025.02.18"]
[Round "1"]
[White "Maton, Emily"]
[Black "Tsakiris, Haralambos"]
[Result "1/2-1/2"]
[WhiteElo "1886"]
[BlackElo "2178"]
[PlyCount "113"]
[EventDate "2025.02.18"]
[EventType "swiss"]
[EventRounds "9"]
[EventCountry "ENG"]
[SourceTitle "CB09_2025"]
[SourceDate "2025.02.27"]
[SourceVersion "1"]
[SourceVersionDate "2025.02.27"]
[SourceQuality "1"]

1. d4 Nf6 2. Nf3 g6 3. Bf4 Bg7 4. Nc3 d5 5. h4 h5 6. e3 0-0 7. Bd3 c5 8. 0-0 Bg4 9. Be2 Nc6 10. Ne5 cxd4 11. exd4 Bf5 12. Nxc6 bxc6 13. Bd3 e6 14. Bxf5 exf5 15. Qd2 Ne4 16. Nxe4 dxe4 17. Bg5 Qxd4 18. Qxd4 Bxd4 19. c3 Bb6 20. Rfd1 f6 21. Bf4 Rad8 22. a4 a6 23. a5 Ba7 24. Bc7 Rxd1+ 25. Rxd1 e3 26. fxe3 Bxe3+ 27. Kf1 Rf7 28. Rd8+ Kg7 29. Rc8 Rf8 30. Bd8 Kg8 31. Ke2 Bf4 32. b4 Bd6 33. Rxc6 Rxd8 34. Rxa6 Be5 35. Rc6 Kf7 36. a6 Ke7 37. b5 Kd7 38. Rc4 Ra8 39. Kd3 Bg3 40. Kc2 Bf2 41. Kb3 g5 42. hxg5 fxg5 43. Rc6 h4 44. c4 g4 45. c5 h3 46. gxh3 g3 47. Rg6 f4 48. Rg7+ Ke6 49. Kc4 f3 50. b6 g2 51. b7 Rd8 52. a7 Kf6 53. a8Q Rxa8 54. bxa8Q Kxg7 55. Qb7+ Kg6 56. Qe4+ Kg7 57. Qxf3 1/2-1/2

[Event "Wch U18 Girls blitz"]
[Site "Terme Catez"]
[Date "2024.12.16"]
[Round "6"]
[White "Kairbekova, Amina"]
[Black "Maton, Emily"]
[Result "0-1"]
[WhiteElo "2144"]
[BlackElo "1962"]
[PlyCount "56"]
[EventDate "2024.12.16"]
[EventType "swiss (blitz)"]
[EventRounds "22"]
[EventCountry "SLO"]
[SourceTitle "CB51_2024"]
[SourceDate "2024.12.18"]
[SourceVersion "1"]
[SourceVersionDate "2024.12.18"]
[SourceQuality "1"]

1. e4 c5 2. Nf3 Nc6 3. Bb5 d6 4. 0-0 Nf6 5. Nc3 g6 6. e5 dxe5 7. Nxe5 Bd7 8. Bxc6 Bxc6 9. Nxc6 bxc6 10. Qf3 Qd7 11. d3 Bg7 12. Be3 Nd5 13. Bxc5 Nxc3 14. bxc3 Bxc3 15. Rab1 Qd5 16. Qe3 Bf6 17. Rb7 0-0 18. c4 Qf5 19. Bxa7 Rfd8 20. Rd1 Qa5 21. Bb6 Qa4 22. Rd2 Rdb8 23. Rxb8+ Rxb8 24. h3 Bc3 25. Bc5 Bxd2 26. Qxd2 Qa6 27. Bxe7 Qb7 28. Bf6 Qc8 0-1

[Event "Wch U18 Girls blitz"]
[Site "Terme Catez"]
[Date "2024.12.16"]
[Round "22"]
[White "Maton, Emily"]
[Black "Blokhin, Sofia"]
[Result "1-0"]
[WhiteElo "1962"]
[BlackElo "2020"]
[PlyCount "61"]
[EventDate "2024.12.16"]
[EventType "swiss (blitz)"]
[EventRounds "22"]
[EventCountry "SLO"]
[SourceTitle "CB51_2024"]
[SourceDate "2024.12.18"]
[SourceVersion "1"]
[SourceVersionDate "2024.12.18"]
[SourceQuality "1"]

1. d4 f5 2. Bg5 h6 3. Bh4 g5 4. Bg3 Nf6 5. e3 d6 6. c4 e6 7. Nc3 Qe7 8. h4 Rg8 9. hxg5 hxg5 10. Qc2 Nc6 11. d5 exd5 12. Nxd5 Nxd5 13. cxd5 Ne5 14. Bxe5 Qxe5 15. Bb5+ Kd8 16. Bc4 Bg7 17. 0-0-0 Bd7 18. Nf3 Qf6 19. Nd4 c5 20. dxc6 bxc6 21. Bxg8 c5 22. Nb3 Kc7 23. Bd5 Rb8 24. Qc3 Qe7 25. Rh7 Bxc3 26. Rxe7 Bf6 27. Rh7 a5 28. Be6 a4 29. Rxd7+ Kc6 30. Na5+ Kb5 31. Rb7+ 1-0

[Event "Wch U18 Girls blitz"]
[Site "Terme Catez"]
[Date "2024.12.16"]
[Round "7"]
[White "Maton, Emily"]
[Black "Deak Sala, Emilia"]
[Result "1-0"]
[WhiteElo "1962"]
[BlackElo "1866"]
[PlyCount "93"]
[EventDate "2024.12.16"]
[EventType "swiss (blitz)"]
[EventRounds "22"]
[EventCountry "SLO"]
[SourceTitle "CB51_2024"]
[SourceDate "2024.12.18"]
[SourceVersion "1"]
[SourceVersionDate "2024.12.18"]
[SourceQuality "1"]

1. d4 Nf6 2. Nf3 c5 3. d5 d6 4. c4 g6 5. Nc3 Bg7 6. e4 0-0 7. h3 e6 8. dxe6 Bxe6 9. Bd3 Nc6 10. 0-0 a6 11. Nd5 Nd7 12. Bg5 f6 13. Be3 Nde5 14. Nf4 Bf7 15. b3 Nxd3 16. Qxd3 Qe7 17. Rad1 Rad8 18. Nd5 Bxd5 19. Qxd5+ Kh8 20. Bf4 Ne5 21. Nh2 f5 22. exf5 Rxf5 23. Bxe5 Bxe5 24. Nf3 Bh2+ 25. Nxh2 Rxd5 26. Rxd5 Kg7 27. Nf3 h6 28. Re1 Qf7 29. Red1 Qf6 30. Nd2 Qe6 31. Nf3 Qe7 32. Re1 Qf6 33. Red1 b5 34. Nd2 Qf4 35. g3 Qf6 36. Ne4 Qe6 37. Nxd6 bxc4 38. bxc4 Rb8 39. Rxc5 Qe2 40. Rcd5 Rb2 41. Nf5+ gxf5 42. Rd7+ Kf6 43. R1d6+ Kg5 44. Rg7+ Kh5 45. g4+ fxg4 46. hxg4+ Kh4 47. Rxh6# 1-0

[Event "Wch U18 Girls blitz"]
[Site "Terme Catez"]
[Date "2024.12.16"]
[Round "9"]
[White "Maton, Emily"]
[Black "Dorokhina, Elizaveta"]
[Result "0-1"]
[WhiteElo "1962"]
[BlackElo "2005"]
[PlyCount "70"]
[EventDate "2024.12.16"]
[EventType "swiss (blitz)"]
[EventRounds "22"]
[EventCountry "SLO"]
[SourceTitle "CB51_2024"]
[SourceDate "2024.12.18"]
[SourceVersion "1"]
[SourceVersionDate "2024.12.18"]
[SourceQuality "1"]

1. d4 e6 2. Nf3 Nf6 3. Bf4 d5 4. e3 Bd6 5. Ne5 c5 6. Bb5+ Kf8 7. c3 a6 8. Ba4 b5 9. Bc2 Bb7 10. Qf3 Nc6 11. Nd2 Qc7 12. Nxc6 Bxf4 13. Qxf4 Qxc6 14. Nf3 Rc8 15. Ne5 Qc7 16. 0-0 Ke7 17. Qg3 Rhg8 18. Qh4 h6 19. f4 cxd4 20. exd4 b4 21. Rf3 bxc3 22. bxc3 Qb6 23. Rb1 Qa7 24. Qf2 Rc7 25. f5 Bc8 26. fxe6 Bxe6 27. Re1 Rgc8 28. Qd2 Kf8 29. Nd3 Rxc3 30. Nc5 Rxf3 31. gxf3 Qb6 32. Bb3 Qd6 33. Qb4 Rb8 34. Nxe6+ Ke7 35. Qxd6+ Kxd6 0-1

[Event "Wch U18 Girls blitz"]
[Site "Terme Catez"]
[Date "2024.12.16"]
[Round "5"]
[White "Maton, Emily"]
[Black "Kairbekova, Amina"]
[Result "0-1"]
[WhiteElo "1962"]
[BlackElo "2144"]
[PlyCount "84"]
[EventDate "2024.12.16"]
[EventType "swiss (blitz)"]
[EventRounds "22"]
[EventCountry "SLO"]
[SourceTitle "CB51_2024"]
[SourceDate "2024.12.18"]
[SourceVersion "1"]
[SourceVersionDate "2024.12.18"]
[SourceQuality "1"]

1. d4 Nf6 2. Nf3 g6 3. Bf4 Bg7 4. e3 d6 5. c3 0-0 6. Nbd2 Nc6 7. Bg3 Nh5 8. e4 Nxg3 9. hxg3 e5 10. d5 Nb8 11. Qc2 h6 12. 0-0-0 c6 13. dxc6 Nxc6 14. Nc4 Be6 15. Nxd6 Qa5 16. a3 Qc7 17. Bc4 Bxc4 18. Nxc4 b5 19. Ne3 a5 20. Nd5 Qb7 21. Kb1 b4 22. cxb4 axb4 23. a4 Rfc8 24. Rc1 Kh8 25. b3 Nd4 26. Qb2 Qa6 27. Nxd4 exd4 28. Qd2 Rxc1+ 29. Qxc1 Qd3+ 30. Qc2 Qa6 31. Nxb4 Qf6 32. Nd3 Rb8 33. Rc1 Qb6 34. Kb2 Kh7 35. Ka2 Qb7 36. Rb1 Rc8 37. Qd2 Rc3 38. Rb2 Qxe4 39. Nb4 Qb7 40. Nd3 Qa6 41. Nb4 Qb7 42. Nd3 f5 0-1

[Event "Wch U18 Girls blitz"]
[Site "Terme Catez"]
[Date "2024.12.16"]
[Round "17"]
[White "Popandopulo, Kristina"]
[Black "Maton, Emily"]
[Result "1-0"]
[WhiteElo "1828"]
[BlackElo "1962"]
[PlyCount "65"]
[EventDate "2024.12.16"]
[EventType "swiss (blitz)"]
[EventRounds "22"]
[EventCountry "SLO"]
[SourceTitle "CB51_2024"]
[SourceDate "2024.12.18"]
[SourceVersion "1"]
[SourceVersionDate "2024.12.18"]
[SourceQuality "1"]

1. d4 d5 2. c4 e6 3. Nc3 Nf6 4. Bg5 Be7 5. e3 h6 6. Bh4 c6 7. Nf3 0-0 8. Bd3 Nfd7 9. Bg3 dxc4 10. Bxc4 Nb6 11. Bb3 c5 12. dxc5 Bxc5 13. 0-0 Nc6 14. Rc1 Bb4 15. a3 Bxc3 16. Rxc3 Qf6 17. Qe2 e5 18. h3 Be6 19. Bxe6 Qxe6 20. b4 Nd5 21. Rc5 Nf6 22. Nxe5 Ne4 23. Nxc6 Nxc5 24. Nd4 Qa6 25. bxc5 Qxa3 26. Bd6 Rfe8 27. Qg4 Qd3 28. Nf5 g6 29. Nxh6+ Kg7 30. Qf4 Qd5 31. Ng4 Qf5 32. Be5+ Kg8 33. Nh6+ 1-0

[Event "Wch U18 Girls blitz"]
[Site "Terme Catez"]
[Date "2024.12.16"]
[Round "20"]
[White "Sevcikova, Lucia"]
[Black "Maton, Emily"]
[Result "0-1"]
[WhiteElo "1980"]
[BlackElo "1962"]
[PlyCount "68"]
[EventDate "2024.12.16"]
[EventType "swiss (blitz)"]
[EventRounds "22"]
[EventCountry "SLO"]
[SourceTitle "CB51_2024"]
[SourceDate "2024.12.18"]
[SourceVersion "1"]
[SourceVersionDate "2024.12.18"]
[SourceQuality "1"]

1. d4 d5 2. c4 e6 3. Nc3 Nf6 4. cxd5 Nxd5 5. e4 Nxc3 6. bxc3 c5 7. Nf3 Nc6 8. Bb5 cxd4 9. cxd4 Qa5+ 10. Bd2 Qxb5 11. Rb1 Qc4 12. d5 Qxe4+ 13. Kf1 Qxd5 14. Qe2 Be7 15. Bc3 0-0 16. g3 b6 17. Kg2 Bb7 18. Rhd1 Qh5 19. Rd7 Rab8 20. Qe4 Na5 21. Rxb7 Nxb7 22. Rd1 Nc5 23. Qf4 Qg6 24. Re1 Rbd8 25. Ne5 Qg5 26. Qf3 Bf6 27. h4 Qh6 28. Ng4 Qg6 29. Nxf6+ gxf6 30. Bxf6 Rd3 31. Qf4 Rd5 32. g4 Nd3 33. Qg3 Nxe1+ 34. Kh2 Qxf6 0-1